Cumbre mundial sobre desarrollo mundial

Gespeichert in:
Bibliographische Detailangaben
Körperschaft: Naciones Unidas (VerfasserIn)
Format: Buch
Sprache:Spanisch
Veröffentlicht: Nueva York Naciones Unidas 1996
Schlagworte:
Tags: Tag hinzufügen
Keine Tags, Fügen Sie den ersten Tag hinzu!

MARC

LEADER 00000nam a2200000 a 4500
001 UCS6285
003 CL-VaPUC
005 20240730091420.0
008 970917e19960000us 1 spa d
082 0 4 |a 361.62  |b NAC  |2 21 
110 2 |a Naciones Unidas  |e author  |9 618527 
245 1 0 |a Cumbre mundial sobre desarrollo mundial 
260 |a Nueva York  |b Naciones Unidas  |c 1996 
300 |a 146 p 
583 |a last modification  |c 19970917 00:00:00  |k Rodrigo Vera 
650 0 0 |a Desarrollo social  |9 264534 
650 0 0 |a Política social  |9 257588 
650 0 0 |a Pobreza  |9 258652 
650 0 0 |a Cambio social   |9 256857 
650 0 0 |a Empleo  |9 339124 
650 0 0 |a Desempleo   |9 257579 
650 0 0 |a Acción social  |9 307836 
942 |c BK 
945 |a jquezada  |d 19970917 00:00:00 
546 |a En Español 
536 |a Naciones Unidas 
518 |p Cumbre Mundial sobre Desarrollo Social, Copenhague. Dinamarca, 6 al 12 de marzo de 1995 
999 |c 382995  |d 382993 
952 |0 0  |1 0  |4 0  |6 361_620000000000000_NAC_1996  |7 0  |8 A  |9 504966  |a BIBDER  |b BIBDER  |d 2020-01-23  |i 3351467  |o 361.62 NAC 1996  |p 3351467  |r 2023-01-25  |w 2020-01-23  |y BK  |k DER 
952 |0 0  |1 0  |4 0  |6 361_620000000000000_NAC_1996  |7 0  |8 A  |9 504967  |a BIBGIM  |b BIBGIM  |d 2020-01-23  |i 3351475  |o 361.62 NAC 1996  |p 3351475  |r 2025-01-15  |w 2020-01-23  |y BK  |k SSL 
952 |0 0  |1 0  |4 0  |6 361_620000000000000_NAC_1996  |7 0  |8 A  |9 504968  |a BIBEDU  |b BIBEDU  |d 2020-01-23  |i 3351483  |o 361.62 NAC 1996  |p 3351483  |r 2020-01-23  |w 2020-01-23  |y BK  |k EDU